1682 1617 1003 1484 1427 1648 1224 1463 1758 1385 1724 1140 1683 1024 1552 1713 1666 1030 1851 1545 1647 1748 1430 1991 1697 1246 1263 1188 1518 1100 1255 1303 1141 1590 1848 1268 1328 1365 1228 1947 1732 1345 1579 1942 1746 1166 1854 1923 1803 1988 1648 1144 1272 1734 1866 1426 1873 1593 1303 1549 1577 1050 1184 1426 1485 1637 1670 1108 1291 1443 1522 1754 1639 1847 1882 1991 1111 1890 1013 1282 1730 1631 1700 1341 1580 1147 1654 1498 1248 1234 1741 1589 1265 1147 1795 1777 1347 1924 1145 BCNSPRNW ULIB Ver.6.0+V

เปลี่ยนเป็นภาษาไทย

Change to English
 แสดงรายละเอียดบรรณานุกรม
  กลับหน้าหลัก

Brief Record : Get Marc (ISO 2709) : E-mail record : QR code < ปิดหน้าต่าง
LEADER : 00000nam 2200000uu 4500
001    13399120093
003     ULIB
008    120830s2545||||th 000 0 tha d
020    ^a9742941971
060  4 ^aWA446^bส814พ
100 0  ^aสุนทรีย์ คำเพ็ง.
245 10 ^aพยาบาลกับงานอาชีวอนามัย /^cสุนทรีย์ คำเพ็ง.
260    ^aกรุงเทพฯ :^bโครงการสวัสดิการวิชาการ สถาบันพระบรมราชชนก,^c2545.
300    ^a119 หน้า :^bตาราง.
520 1  ^aเนื้อหาในเล่มประกอบด้วย สิ่งแวดล้อมในการทำงานและสิ่งคุกคามสุขภาพอนามัย, หลักการป้องกันและควบคุมอันตรายจากสิ่งแวดล้อมในการทำทงาน, การตรวจคัดกรองดรคจากการประกอบอาชีพ, บทบาทพยาบาลกับงานอาชีวอนามัย.
650  4 ^aอาชีวอนามัย.
650  4 ^aเวชศาสตร์ป้องกัน.
650  4 ^aการพยาบาล.
710    ^aสถาบันพระบรมราชชนก.^bโครงการสวัสดิการวิชาการ.
945    ^p100^l0^i19338
945    ^p100^l0^i19339
995    ^aทศพร
999    ^aทศพร เกษรทอง
รายการนี้ยังไม่มีแท็ก
คุณยังไม่ได้ล็อกอิน คุณสามารถมีกิจกรรมร่วมกับเว็บไซต์ได้ แต่ต้องล็อกอินก่อน ::
  ล็อกอิน

รายการสื่อสารสนเทศ

ลำดับที่ ประเภท เลขเรียก/บาร์โค้ด สถานที่ สถานะ
- ไม่พบข้อมูล -

รายการใกล้เคียง
    หัวเรื่อง [อาชีวอนามัย.]
    หัวเรื่อง [การพยาบาล.]

BibComment


ยังไม่เคยถูกคอมเมนท์

คอมเมนท์ทรัพยากรรายการนี้
  คอมเมนท์: พยาบาลกับงานอาชี..


 Copyright 2026. Bcnsprnw @Library